00717nam a22002537a 450000500170000001000110001702000100002803500110003803700160004904000120006508200150007710000140009224501410010626000240024727000110027130000270028250000210030965000130033065000460034370000180038970000140040770000230042170000190044420170124110023.0 a283200 c00.00 a283200 bCen Lib/Ret aDPLbEN a591.9bKOS aKosch, A. aThe young specialist looks at seashore /cby A. Kosch, H. Frieling [and] H. Janus; translated by Margaret Pinder; edited by Sali B. Suss aLondonbBurkec1963 bLondon a136p.:c20cm(Hb)bill. aIncludes index  aSeashore aMarine biology -- Handbooks, manuals, etc aFrieling, H.  aJanus, H. a Pinder, Margaret  aSuss, Sali B.